| 000 | 00363nam a2200133Ia 4500 | ||
|---|---|---|---|
| 008 | 240624s9999 xx 000 0 und d | ||
| 041 | _aeng | ||
| 082 | _a332.60973 SCH | ||
| 100 | _aSCHIFF PETER D | ||
| 245 | _aCRASH PROOF 2 0 HOW TO PROFIT FROM THE E | ||
| 260 |
_c2009 _aNew Jersey _bJohn Wiley and Sons |
||
| 300 | _axx, : 364 : p. : cm. ; 23 | ||
| 365 |
_c _b30 |
||
| 999 |
_c15087 _d15087 |
||